00273nam a22000977a 4500008004100000020001500041082002500056245003400081260005100115300000900166230620b xxu||||| |||| 00| 0 eng d a0840361101 a306.096762bFED 1982 aPeoples and Cultures of Kenya aNairobi,LondonbTransafrica Rex Collingsc1982 a167p